Maiores estádios brasileiros por Estado - Statistics

Estatísticas Gerais
  • Esse quiz foi jogado 159 vezes
  • A pontuação média é 16 de 27
Estatísticas das Respostas
UF Cidade Capacidade Proprietário Estádio % Correto
RJ Rio de Janeiro 78.838 Governo do Estado do Rio de Janeiro Estádio Jornalista Mário Filho - Maracanã
98%
SP São Paulo 67.052 São Paulo Futebol Clube Estádio Cícero Pompeu de Toledo - Morumbi
96%
MG Belo Horizonte 62.160 Governo do Estado de Minas Gerais Estádio Governador Magalhães Pinto - Mineirão
95%
RS Porto Alegre 56.500 Grêmio Foot-Ball Porto Alegrense Arena do Grêmio
91%
PR Curitiba 42.372 Clube Atlético Paranaense Estádio Joaquim Américo Guimarães - Arena da Baixada
90%
BA Salvador 50.025 Governo do Estado da Bahia Complexo Esportivo Cultural Octávio Mangabeira - Arena Fonte Nova
85%
DF Brasília 72.788 TERRACAP - Agência de Desenvolvimento do Distrito Federal Estádio Nacional Mané Garrincha
85%
CE Fortaleza 63.903 Governo do Estado do Ceará Estádio Governador Plácido Castelo - Arena Castelão
82%
SC Chapecó 22.000 Prefeitura de Chapecó Arena Condá
81%
RN Natal 31.375 Arena das Dunas Concessão e Eventos S/A Arena das Dunas
81%
MA São Luís 40.179 Governo do Estado do Maranhão Estádio Governador João Castelo - Castelão
81%
GO Goiânia 50.049 Governo do Estado de Goiás Estádio Serra Dourada
80%
MT Cuiabá 42.968 Governo do Estado de Mato Grosso Arena Pantanal
76%
PE Recife 60.044 Santa Cruz Futebol Clube Estádio José do Rego Maciel - Arruda
71%
AL Maceió 18.801 Governo do Estado de Alagoas Estádio Rei Pelé
66%
PA Belém 45.007 Governo do Estado do Pará Estádio Estadual Jornalista Edgar Augusto Proença - Mangueirão
65%
AM Manaus 44.351 Governo do Estado do Amazonas Arena da Amazônia Vivaldo Lima
53%
AP Macapá 10.000 Governo do Estado do Amapá Estádio Milton Corrêa - Zerão
38%
ES Cariacica 21.152 Governo do Estado do Espírito Santo Estádio Estadual Kleber José de Andrade
35%
PB Campina Grande 35.000 Governo do Estado da Paraíba Estádio Governador Ernani Sátyro - Amigão
31%
PI Teresina 52.216 Governo do Estado do Piauí Estádio Governador Alberto Tavares Silva - Albertão
29%
SE Aracaju 15.575 Governo do Estado de Sergipe Estádio Estadual Lourival Baptista - Batistão
27%
MS Campo Grande 44.200 Universidade Federal de Mato Grosso do Sul Estádio Universitário Pedro Pedrossian - Morenão
27%
AC Rio Branco 20.000 Governo do Estado do Acre Arena da Floresta
23%
TO Palmas 12.000 Governo do Estado do Tocantins Estádio Nilton Santos
19%
RR Boa Vista 6.000 Governo do Estado de Roraima Estádio Flamarion Vasconcelos - Canarinho
12%
RO Porto Velho 8.000 Governo do Estado de Rondônia Estádio Aluízio Ferreira de Oliveira - Aluizão
6%
Nenhum quiz correspondente encontrado
Distribuição das Pontuações
Porcentagem de Pessoas com Cada Pontuação
Percentil de Números Respondidos
Sua Pontuação Histórica
Você não jogou esse quiz